|
|
|
|
| LEADER |
00000cas a2200000 a 4500 |
| 001 |
vtls009144232 |
| 003 |
SK-MaSNL |
| 005 |
20260228160615.0 |
| 008 |
970526d19501952xo qr|p 0 b0slo |
| 040 |
|
|
|a SAVUK
|b slo
|c SAVUK
|d UKB
|d SNK
|e AACR2
|
| 041 |
0 |
|
|a slo
|a cze
|b rus
|b eng
|b fre
|
| 044 |
|
|
|a xo
|c SK
|
| 072 |
|
7 |
|a 91
|x Geografia ako veda. Výskum. Cestovanie
|2 konspekt
|
| 080 |
|
|
|a 91
|2 2001
|
| 080 |
|
|
|a (082)
|2 2001
|
| 080 |
|
|
|a 001(051)
|2 2001
|
| 245 |
0 |
0 |
|a Zemepisný sborník Slovenskej akadémie vied a umení
|
| 246 |
3 |
3 |
|a Zemepisný sborník SAVU
|
| 246 |
3 |
3 |
|a Zemepisný sborník
|
| 260 |
|
|
|a Bratislava
|b Slovenská akadémia vied
|c 1950-1952
|
| 300 |
|
|
|a 3 zv.
|b ilustr., mp., tab.
|c 24 cm
|
| 310 |
|
|
|a 4x ročne
|b 1952
|
| 321 |
|
|
|a 1x ročne
|b 1951
|
| 321 |
|
|
|a 4x ročne
|b 1950
|
| 362 |
0 |
|
|a Roč. II, č. 1/2 (1950)-roč. IV, č. 3/4 (1952)
|
| 500 |
|
|
|a Rediguje: 1950-1951, Mikuláš Konček
|
| 500 |
|
|
|a Hlavný redaktor: 1952, Mikuláš Konček
|
| 546 |
|
|
|a Čiast. text aj čes.
|
| 580 |
|
|
|a Od r. 1953 pokračoval ako Geografický časopis Slovenskej akadémie vied
|
| 650 |
0 |
7 |
|a geografia
|2 SNKPH
|9 823
|
| 650 |
0 |
7 |
|a Geography
|2 SNKPHeng
|9 265075
|
| 655 |
|
7 |
|a vedecké časopisy
|2 SNKPH
|9 70520
|
| 655 |
|
7 |
|a Scientific journals
|2 SNKPHeng
|9 265227
|
| 655 |
|
7 |
|a zborníky
|2 SNKPH
|9 70165
|
| 655 |
|
7 |
|a Papers of several authors
|2 SNKPHeng
|9 153738
|
| 700 |
1 |
|
|a Konček, Mikuláš,
|d 1900-1982
|4 red
|9 38407
|
| 780 |
0 |
0 |
|t Geographica Slovaca
|w vtls009144204
|
| 785 |
0 |
0 |
|t Geografický časopis
|x 0016-7193
|w vtls001405301
|
| 910 |
|
|
|a savuk
|
| 910 |
|
|
|a snk
|
| 910 |
|
|
|a snmk
|
| 916 |
|
|
|a 1950-1952
|
| 999 |
|
|
|c 3067
|d 4997
|
| 952 |
|
|
|0 0
|1 0
|4 0
|7 0
|8 5
|a SNK
|b SNK
|d 2013-01-31
|i snkČSF 976/1956
|l 0
|o snkČSC 487/4/1952/D1
|p 17A1021478
|r 2026-02-21 20:40:40
|t č.1-4
|w 2026-02-21
|y PREZ
|
| 952 |
|
|
|0 0
|1 0
|4 0
|7 0
|a SNK
|b SNK
|d 1999-01-07
|f 1
|i snk1033/1954
|l 0
|o snkČSC 487/4/1952
|p 17A0175389
|r 2005-01-02 00:00:00
|t č. 1-4
|w 2026-02-21
|y PREZ
|
| 952 |
|
|
|0 0
|1 0
|4 0
|7 0
|a SNK
|b SNK
|d 1999-01-07
|f 1
|i snk13261/1952
|l 0
|o snkČSC 487/3/1951
|p 17A0175363
|r 2005-01-02 00:00:00
|t č. 1
|w 2026-02-21
|y PREZ
|
| 952 |
|
|
|0 0
|1 0
|4 0
|7 0
|a SNK
|b SNK
|d 1999-01-07
|f 1
|i snk1149/1957
|l 0
|o snkČSC 487/2/1950
|p 17A0175373
|r 2005-01-02 00:00:00
|t č. 1-4
|w 2026-02-21
|y PREZ
|
| 952 |
|
|
|0 0
|1 0
|4 0
|7 0
|a SNK
|b SNK
|d 2003-03-14
|l 0
|o snkČSC 487/2/1950/1-2/D1
|p 17A0376930
|r 2005-01-02 00:00:00
|t č.1
|w 2026-02-21
|y PREZ
|
| 952 |
|
|
|0 0
|1 0
|4 0
|7 0
|a SNK
|b SNK
|d 2003-03-14
|l 0
|o snkČSC 487/2/1950/3-4/D1
|p 17A0376931
|r 2005-01-02 00:00:00
|t č.1-4
|w 2026-02-21
|y PREZ
|